[Event "Wasa op U20 1600+"]
[Site "Wasa"]
[Date "2020.09.25"]
[Round "1"]
[White "Stromgard, Martin"]
[Black "Grahn, Vidar"]
[Result "0-1"]
[WhiteElo "1669"]
[BlackElo "1847"]
[PlyCount "90"]
[EventDate "2020.09.11"]
[EventType "swiss"]
[EventRounds "5"]
[EventCountry "SWE"]
[SourceTitle "EXT 2023"]
[Source "ChessBase"]
[SourceDate "2022.10.05"]
[SourceVersion "1"]
[SourceVersionDate "2022.10.05"]
[SourceQuality "1"]
[WhiteTeam "Sweden"]
[BlackTeam "Sweden"]
[WhiteTeamCountry "SWE"]
[BlackTeamCountry "SWE"]

1. e4 c5 2. f4 Nc6 3. b3 e5 4. Nf3 d6 5. Bc4 Bg4 6. 0-0 Nf6 7. Nc3 Nd4 8. fxe5 Bxf3 9. gxf3 dxe5 10. Nd5 b5 11. Nxf6+ Qxf6 12. Bd5 Rc8 13. c3 Ne6 14. Qe2 c4 15. d3 Bc5+ 16. Kh1 cxd3 17. Qxd3 Nc7 18. f4 Nxd5 19. Qxb5+ Kf8 20. exd5 Qf5 21. Qe2 e4 22. c4 Bd4 23. Bb2 Bxb2 24. Qxb2 e3 25. Qe5 Qh3 26. Rg1 f6 27. Qd6+ Kf7 28. Rg3 Qf5 29. Rxe3 Rhe8 30. Rae1 Rxe3 31. Rxe3 Qb1+ 32. Kg2 Qc2+ 33. Kf1 Qd1+ 34. Kf2 Qd2+ 35. Re2 Qd4+ 36. Kg2 Kg6 37. Qe6 Qd1 38. Qg4+ Kh6 39. f5 g5 40. fxg6 Rg8 41. Kf2 Rxg6 42. Qf4+ Kg7 43. Ke3 Rg5 44. Kf3 Qf1+ 45. Rf2 Qd3+ 0-1